| 000 | 00950nas a2200337 4500 | ||
|---|---|---|---|
| 001 | BR2014001687 | ||
| 003 | BR-BrBNA | ||
| 005 | 20231205123818.0 | ||
| 007 | ta | ||
| 008 | 230509b bl.|||p| |||| 00| 00por d | ||
| 040 |
_aBR-BrBNA _bpor _cBiblioteca Nacional de Agricultura |
||
| 041 | _a(En) | ||
| 072 | _aF03 | ||
| 100 | 1 | _aTavares, L.C. | |
| 100 | 1 | _aFonseca, D.A.R. | |
| 100 | 1 | _aBrunes, A.P. | |
| 100 | 1 | _aRufino, C. de A. | |
| 100 | 1 | _aMeneguello, G.E. | |
| 100 | 1 | _aBarros, A.C.S.A. | |
| 245 | 1 | _aPerformance of rice seeds treated with zinc, boron, and molybdenum | |
| 650 | _aARROZ | ||
| 650 | _aTRATAMENTO DE SEMENTE | ||
| 650 | _aZINCO | ||
| 650 | _aBORO | ||
| 650 | _aMOLIBDÊNIO | ||
| 650 | _aCRESCIMENTO | ||
| 650 | _aQUALIDADE | ||
| 773 | 0 |
_tJournal of Seed Science (Brazil) _xISSN 2317-1537 _g(Dez 2013), v. 35(4) p. 532-539 _wBR2014001687 |
|
| 909 |
_a202311 _bLúcia _c55 _dLúcia Elande |
||
| 942 |
_2AGRIS _n0 _cANA |
||
| 999 |
_c235825 _d235825 |
||